[Event "Send the sun!"]
[Site "http://www.queenalice.com/game.php?id=1177578"]
[Date "2013.5.2"]
[Round "-"]
[White "Oli"]
[Black "scheherazade"]
[Result "0-1"]
[WhiteElo "839"]
[BlackElo "1820"]

1. Nf3 f6 2. g4 g5 3. h4 d5 4. hxg5 fxg5 5. Nd4 Nc6 6. Nb3 e5 7. d3 Bxg4 8. f3
Be6 9. Bd2 b6 10. e4 Nd4 11. Nc1 dxe4 12. fxe4 Qf6 13. Be3 Qf3 14. Qd2 Qxh1 15.
c3 Nf3+ 16. Ke2 Nxd2 17. Nxd2 Qh5+ 18. Ke1 Bc5 19. Bxc5 bxc5 20. Be2 Qh4+ 21.
Kd1 Ne7 22. Kc2 Nc6 23. Nf3 Qf4 24. Ne1 Qf2 25. Kd2 Rf8 26. d4 cxd4 27. Nb3 Qe3+
28. Kd1 dxc3 29. bxc3 Rf2 30. Bb5 Kd7 31. Nc2 Qxc3 32. Rc1 Bg4+ 33. Be2 Bxe2#
0-1

[Event "Mayday, Take Two"]
[Site "http://www.queenalice.com/game.php?id=1178012"]
[Date "2013.5.3"]
[Round "-"]
[White "scheherazade"]
[Black "JamesBrown"]
[Result "1-0"]
[WhiteElo "1822"]
[BlackElo "1161"]

1. e4 c5 2. Bc4 e6 3. d4 Qc7 4. d5 Nf6 5. Nc3 Qa5 6. Qd2 b6 7. Nb5 Qxd2+ 8. Bxd2
Nxe4 9. Nc7+ Kd8 10. Nxa8 Bb7 11. Nxb6 axb6 12. dxe6 fxe6 13. Bf4 Nc6 14. Nf3
Nb4 15. Bb3 c4 16. a3 cxb3 17. axb4 Bxb4+ 18. Bd2 Bxd2+ 19. Nxd2 Nxd2 20. Kxd2
Bxg2 21. Rhg1 Bd5 22. c3 Rf8 23. Ke1 Bf3 24. Rxg7 Rf5 25. Kd2 Ra5 26. Rxa5 bxa5
27. Rf7 a4 28. Rxf3 e5 29. Rf8+ Ke7 30. Ra8 e4 31. Rxa4 e3+ 32. Kxe3 d5 33. Ra7+
Ke6 34. Rxh7 Ke5 35. Rh5+ Ke6 36. Kd4 Kd7 37. Rxd5+ Ke7 38. Rb5 Kf6 39. Rxb3 1-0

[Event "Spring at last!"]
[Site "http://www.queenalice.com/game.php?id=1179347"]
[Date "2013.5.7"]
[Round "-"]
[White "scheherazade"]
[Black "Oli"]
[Result "1-0"]
[WhiteElo "1826"]
[BlackElo "837"]

1. a4 Nc6 2. c3 h5 3. h4 Nh6 4. e3 a5 5. d4 f6 6. Qxh5+ Nf7 7. Qd1 g5 8. h5 Bh6
9. g4 Nd6 10. Bd3 e5 11. d5 Ne7 12. b3 e4 13. Bc2 f5 14. f4 fxg4 15. Qxg4 Nef5
16. Nh3 c6 17. fxg5 Bxg5 18. Qxg5 Qc7 19. Qg6+ Ke7 20. Qg5+ Kf7 21. Nf4 Ne7 22.
c4 cxd5 23. O-O Rg8 24. Ng6+ Nef5 25. Bb2 Qb6 26. Bd4 Qb4 27. Qe7# 1-0

[Event "Room for one more"]
[Site "http://www.queenalice.com/game.php?id=1179460"]
[Date "2013.5.8"]
[Round "-"]
[White "JamesBrown"]
[Black "scheherazade"]
[Result "0-1"]
[WhiteElo "1144"]
[BlackElo "1824"]

1. d4 d5 2. Nc3 c6 3. e4 e6 4. Bf4 Bd6 5. Qg4 e5 6. Qxg7 Qf6 7. Bh6 Nd7 8. g4
Nxh6 9. Qxf6 Nxf6 10. g5 exd4 11. gxf6 dxc3 12. bxc3 Be5 13. Ne2 Bg4 14. h3 Bxe2
15. Bxe2 Bxc3+ 16. Kf1 Bxa1 17. Bh5 dxe4 18. Ke2 Bxf6 19. Rb1 O-O-O 20. Rb4 Rhe8
21. Rc4 Rd5 22. Rxc6+ bxc6 0-1

[Event "Challenge"]
[Site "http://www.queenalice.com/game.php?id=1180257"]
[Date "2013.5.10"]
[Round "-"]
[White "scheherazade"]
[Black "JamesBrown"]
[Result "1-0"]
[WhiteElo "1807"]
[BlackElo "1142"]

1. e4 e5 2. a3 d5 3. d4 Nf6 4. f3 Bd6 5. Nc3 O-O 6. Nxd5 Nxd5 7. exd5 exd4 8.
Qxd4 Re8+ 9. Be3 Be5 10. Qb4 Qxd5 11. Qd2 Be6 12. Qxd5 Bxd5 13. O-O-O Nc6 14.
Rxd5 Bf6 15. Bd2 Rad8 16. Rxd8 Rxd8 17. Bd3 Rd5 18. c3 Rxd3 19. Ne2 g5 20. Re1
Be5 21. h3 Na5 22. Bxg5 Nc4 23. Rd1 Rd6 24. Rxd6 Nxd6 25. Bf4 Bxf4+ 26. Nxf4 Nc4
27. g4 Ne5 28. Nd5 Nd3+ 29. Kd2 Nxb2 30. Kc2 Nc4 31. a4 Na3+ 32. Kd3 b5 33. a5
b4 34. cxb4 Nb5 35. Kc4 a6 36. Kc5 Na3 37. Nxc7 Nc2 38. Nxa6 Ne1 39. b5 Nxf3 40.
b6 Ng5 41. b7 Nxh3 42. b8=Q+ Kg7 43. Qb2+ f6 44. Nb8 Kg6 45. Qh2 Ng5 46. a6 Ne4+
47. Kd4 Ng5 48. Qh5+ Kg7 49. a7 Ne6+ 50. Ke4 Ng5+ 51. Kf5 Nf7 52. a8=Q Nh6+ 53.
Kf4 f5 54. Qa1+ Kf8 55. Qf6+ Kg8 56. Qe8# 1-0

[Event "Challenge"]
[Site "http://www.queenalice.com/game.php?id=1181415"]
[Date "2013.5.14"]
[Round "-"]
[White "Oli"]
[Black "scheherazade"]
[Result "0-1"]
[WhiteElo "833"]
[BlackElo "1809"]

1. b4 b5 2. a3 d5 3. c3 c6 4. Nf3 e6 5. Nd4 g6 6. Nb3 Nd7 7. Na5 Qc7 8. d3 c5 9.
f3 h5 10. h3 c4 11. d4 Nb6 12. g4 h4 13. Be3 Bd6 14. Qd2 f5 15. gxf5 exf5 16. f4
Nf6 17. Rg1 Ne4 18. Qd1 Ng3 19. Bg2 Be6 20. Bc1 O-O-O 21. Kd2 Rde8 22. Re1 Re7
23. e3 Ne4+ 24. Ke2 Ng3+ 25. Kf2 Na4 26. Qd2 Ne4+ 27. Bxe4 fxe4 28. Rg1 Rg8 29.
Rg5 Rf7 30. Qe1 Rf5 31. Rg4 g5 32. Rg1 Qb6 33. Qf1 Kc7 34. Qg2 Be7 35. Qg4 gxf4
36. Qd1 fxe3+ 37. Kxe3 Rg3+ 38. Ke2 Rff3 39. Nd2 Nxc3+ 40. Ke1 Rxg1+ 41. Nf1
Rgxf1+ 42. Kd2 Nxd1 43. Ke2 Qxd4 44. Ra2 Qf2# 0-1

[Event "First Rains 2013"]
[Site "http://www.queenalice.com/game.php?id=1186938"]
[Date "2013.6.2"]
[Round "-"]
[White "scheherazade"]
[Black "Oli"]
[Result "1-0"]
[WhiteElo "1811"]
[BlackElo "831"]

1. e4 Nc6 2. c3 Nf6 3. d3 Ne5 4. h3 g6 5. f4 Nc6 6. Nf3 Nh5 7. Kf2 d6 8. g4 Nf6
9. Be3 a5 10. a4 b6 11. Nbd2 Na7 12. e5 dxe5 13. Nxe5 Nd5 14. Qf3 c6 15. Bd4 Qd6
16. Nec4 Qe6 17. Bxh8 f6 18. Re1 Qd7 19. Ne4 f5 20. Ne5 Qc7 21. Ng5 fxg4 22.
hxg4 b5 23. Nxh7 bxa4 24. Nxg6 Bh6 25. Rxh6 Nb5 26. c4 Nd4 27. Bxd4 Nb4 28. Be5
Qd7 29. Ngf8 Nc2 30. Nxd7 Bxd7 31. Re4 Ra7 32. Ng5 Rb7 33. Rh8# 1-0

[Event "Challenge"]
[Site "http://www.queenalice.com/game.php?id=1196993"]
[Date "2013.7.4"]
[Round "-"]
[White "Oli"]
[Black "scheherazade"]
[Result "0-1"]
[WhiteElo "859"]
[BlackElo "1815"]

1. b4 b5 2. a3 a5 3. bxa5 Rxa5 4. Nf3 e6 5. Nd4 c5 6. Nb3 Qf6 7. c3 Ra4 8. e3
Ba6 9. d4 c4 10. f4 cxb3 11. Qxb3 Qf5 12. g3 Qd5 13. Qc2 Qxh1 14. e4 Nf6 15. Qe2
Qxe4 16. Be3 Nd5 17. Bg2 Qxe3 18. Nd2 Qxe2+ 19. Kxe2 Rxa3 20. Rh1 Nxc3+ 21. Ke3
Na2+ 22. Ke2 b4+ 23. Kd1 Rd3 24. Kc2 Rxd4 25. Ra1 Nc3 26. Nb3 Rc4 27. Na5 Rd4
28. Nb3 Rd6 29. Nc5 Be7 30. Nb7 Rb6 31. Na5 O-O 32. Kb3 Rc8 33. h4 Rd6 34. h5
Rd1 35. Rxd1 Nxd1 36. g4 Rc3+ 37. Ka2 Rc2+ 38. Kb3 Rxg2 39. g5 Rb2+ 40. Ka4 Nc3#
0-1

[Event "French Onion Soup"]
[Site "http://www.queenalice.com/game.php?id=1200472"]
[Date "2013.7.17"]
[Round "-"]
[White "scheherazade"]
[Black "Oli"]
[Result "1-0"]
[WhiteElo "1817"]
[BlackElo "857"]

1. e4 Nc6 2. c3 Ne5 3. d4 Ng6 4. g3 a6 5. h4 c6 6. h5 e6 7. hxg6 fxg6 8. Bd3 b5
9. b4 d5 10. e5 Ne7 11. g4 g5 12. Bxg5 h6 13. Bg6+ Kd7 14. Bf7 g6 15. Bf6 Rh7
16. Bg8 Rg7 17. Bxg7 Bxg7 18. Bf7 Qf8 19. Qf3 a5 20. a3 axb4 21. cxb4 Bh8 22.
Nd2 Qg7 23. Qf6 Qf8 24. Qxe6+ Kc7 25. Qd6+ Kb7 26. Bxg6 Qg7 27. Bh5 Qf8 28. Ne2
Qg8 29. Qxe7+ Kb8 30. f3 Bg7 31. Qe8 Bf8 32. Qxc6 Bb7 33. Qxb5 Ka7 34. Qd7 Rb8
35. Rc1 Qg5 36. Nb3 Qe3 37. Rc3 Qg5 38. Qa4+ Ba6 39. Qd7+ Bb7 40. Na5 Be7 41.
Rc7 Bxb4+ 42. axb4 Qe3 43. Rxb7+ Ka6 44. Qb5# 1-0

[Event "Summer Skies"]
[Site "http://www.queenalice.com/game.php?id=1202515"]
[Date "2013.7.25"]
[Round "-"]
[White "Oli"]
[Black "scheherazade"]
[Result "0-1"]
[WhiteElo "855"]
[BlackElo "1819"]

1. b4 a5 2. c3 a4 3. a3 b5 4. d3 e5 5. Nf3 f6 6. Nfd2 c5 7. Ne4 d6 8. h3 h6 9.
g4 g5 10. f3 Be6 11. h4 c4 12. d4 d5 13. Ng3 e4 14. fxe4 dxe4 15. Nxe4 f5 16.
Nc5 Bxc5 17. bxc5 Nc6 18. Bg2 Bd5 19. Rg1 Na5 20. Ra2 fxg4 21. e4 Be6 22. d5 Bc8
23. d6 Ra7 24. Qd4 Nf6 25. Qe5+ Kf7 26. Rf2 Re8 27. Qg3 Nc6 28. hxg5 Re6 29.
Rgf1 hxg5 30. Rf5 Ke8 31. Rxg5 Rf7 32. Qh4 Kd7 33. Qh6 Qf8 34. Qg6 Ne5 35. Qf5
Nxe4 36. Qxe4 Nd3+ 37. Kd2 Rxe4 38. Bxe4 Rxf1 39. Kc2 Rxc1+ 40. Kd2 Qf2# 0-1

[Event "Challeng"]
[Site "http://www.queenalice.com/game.php?id=1209982"]
[Date "2013.8.20"]
[Round "-"]
[White "scheherazade"]
[Black "JamesBrown"]
[Result "1-0"]
[WhiteElo "1821"]
[BlackElo "1495"]

1. e4 e5 2. d4 Nc6 3. d5 Nd4 4. Nf3 Bb4+ 5. c3 Ba5 6. Nxd4 exd4 7. Qxd4 Nf6 8.
Be2 O-O 9. d6 Bb6 10. Qe5 Ne8 11. Qe7 Nxd6 12. Qxd8 Rxd8 13. Bd3 Ne8 14. b4 Nf6
15. Be3 Bxe3 16. fxe3 Re8 17. Nd2 Ng4 18. Nf1 d6 19. Rd1 Be6 20. Rd2 c5 21. Bb5
Rec8 22. a3 a6 23. Be2 cxb4 24. cxb4 Rc1+ 25. Rd1 Rxd1+ 26. Bxd1 Nxe3 27. Nxe3
Rc8 28. Kd2 d5 29. exd5 Bd7 30. Bg4 Bxg4 31. Nxg4 Rc4 32. Ne3 Rd4+ 33. Kc3 Re4
34. Re1 f5 35. Nc2 Rxe1 36. Nxe1 Kf7 37. Nd3 Ke8 38. Nc5 g5 39. Nxb7 h5 40. Nd6+
Kd7 41. Nxf5 g4 42. h3 gxh3 43. gxh3 Ke8 44. Ng7+ Kd7 45. Nxh5 Kd6 46. Kc4 Ke5
47. a4 Kf5 48. Ng7+ Kg5 49. d6 Kh4 50. d7 Kxh3 51. d8=Q 1-0

[Event "Harvest season"]
[Site "http://www.queenalice.com/game.php?id=1210295"]
[Date "2013.8.21"]
[Round "-"]
[White "scheherazade"]
[Black "Oli"]
[Result "1-0"]
[WhiteElo "1824"]
[BlackElo "853"]

1. e4 Nf6 2. d3 g5 3. g4 h5 4. f3 c6 5. Bxg5 Ng8 6. h4 hxg4 7. fxg4 f6 8. Bf4 e5
9. Be3 b5 10. c4 b4 11. b3 Nh6 12. g5 Nf7 13. Nf3 c5 14. a4 a5 15. Rg1 Be7 16.
Qd2 Nc6 17. g6 Nd6 18. g7 Rg8 19. Qg2 Nd4 20. Qg6+ Nf7 21. Nxd4 cxd4 22. Bf2 Bc5
23. Qh7 Ke7 24. Nd2 Qe8 25. O-O-O Kd6 26. Rg6 Ke7 27. Qh5 Nd6 28. Qg4 Qf7 29. h5
Ne8 30. Bh4 Kd6 31. h6 Kc7 32. h7 Rxg7 33. h8=Q d6 34. Qg3 Kb7 35. Rxg7 Nxg7 36.
Qgxg7 Qxg7 37. Qxg7+ Kb8 38. Be2 Ba7 39. Rg1 Bb6 40. Qf8 Kb7 41. Qxd6 Bc7 42.
Qd5+ Ka7 43. Rg7 Kb8 44. Qb5+ Bb7 45. Bxf6 Kc8 46. Rg8+ Bd8 47. Bxe5 Ra7 48.
Bg4# 1-0

[Event "The Cusp of Autumn"]
[Site "http://www.queenalice.com/game.php?id=1213478"]
[Date "2013.9.1"]
[Round "-"]
[White "Oli"]
[Black "scheherazade"]
[Result "0-1"]
[WhiteElo "851"]
[BlackElo "1826"]

1. Nf3 d5 2. b4 b5 3. Nd4 c6 4. a3 e5 5. Nb3 f5 6. c3 d4 7. e3 d3 8. Nc5 Bxc5 9.
bxc5 e4 10. h3 h5 11. g4 hxg4 12. f4 Qh4# 0-1

[Event "September again"]
[Site "http://www.queenalice.com/game.php?id=1214921"]
[Date "2013.9.7"]
[Round "-"]
[White "scheherazade"]
[Black "Oli"]
[Result "1-0"]
[WhiteElo "1830"]
[BlackElo "845"]

1. c4 c5 2. a4 Nc6 3. Nf3 a5 4. d4 Nb4 5. dxc5 Qc7 6. Be3 e6 7. Nc3 b6 8. Nb5
bxc5 9. g3 Qc6 10. Bg2 d5 11. Nh4 dxc4 12. Bxc6+ Bd7 13. Nc7+ Kd8 14. Bf4 Ke7
15. Bg5+ f6 16. Qxd7# 1-0

[Event "Challenge"]
[Site "http://www.queenalice.com/game.php?id=1217545"]
[Date "2013.9.17"]
[Round "-"]
[White "scheherazade"]
[Black "Oli"]
[Result "1-0"]
[WhiteElo "1832"]
[BlackElo "865"]

1. d4 Nc6 2. c3 h5 3. h4 f6 4. e3 g6 5. Bd3 e6 6. Bxg6+ Ke7 7. Bxh5 d5 8. b4 a5
9. b5 Na7 10. Ba3+ Kd7 11. Be2 c6 12. Qb3 cxb5 13. Bxb5+ Kc7 14. Bxf8 Qxf8 15.
a4 Rb8 16. Nd2 Nc6 17. c4 dxc4 18. Qxc4 Ne7 19. Nb3 Kd7 20. Nc5+ Ke8 21. Nxe6
Qf7 22. Nc7+ Kf8 23. Qxf7+ Kxf7 24. Bc4+ Kg7 25. Ne2 b6 26. Ne6+ Kg6 27. N2f4+
Kf5 28. Bd3+ Kg4 29. f3+ Kg3 30. Rh3# 1-0

[Event "Late Harvest"]
[Site "http://www.queenalice.com/game.php?id=1219901"]
[Date "2013.9.25"]
[Round "-"]
[White "Oli"]
[Black "scheherazade"]
[Result "0-1"]
[WhiteElo "863"]
[BlackElo "1834"]

1. b4 b5 2. a3 a5 3. c3 a4 4. Nf3 f6 5. Nd4 c6 6. Nf5 e6 7. Nd4 f5 8. h3 h5 9.
Nf3 Bd6 10. h4 Qf6 11. Ng5 Nh6 12. f3 Bg3# 0-1

[Event "Late Harvest alternate"]
[Site "http://www.queenalice.com/game.php?id=1221105"]
[Date "2013.9.30"]
[Round "-"]
[White "scheherazade"]
[Black "Oli"]
[Result "1-0"]
[WhiteElo "1836"]
[BlackElo "861"]

1. c4 Nc6 2. Nf3 Na5 3. d3 c6 4. b4 b6 5. bxa5 bxa5 6. a4 g6 7. Bb2 h5 8. Qd2 d5
9. Bxh8 f6 10. e4 Nh6 11. c5 Nf7 12. Bxf6 exf6 13. Nd4 dxe4 14. Nxc6 Qc7 15.
Nxa5 Qxc5 16. Nb3 Qd5 17. Qc2 Bd7 18. Nc3 Qc6 19. dxe4 Ne5 20. Bb5 Qd6 21. Rd1
Qc7 22. Bxd7+ Nxd7 23. O-O Ne5 24. Qc1 Rb8 25. Nb5 Qb7 26. Qc7 Qxe4 27. Qxb8+
Ke7 28. Qd8+ Kf7 29. Qc7+ Be7 30. Nd6+ 1-0